[Event "Oslo-ch op"]
[Site "Oslo"]
[Date "2017.12.17"]
[Round "2"]
[White "Haugland, Rasmus L"]
[Black "Hammer, Jon Ludvig"]
[Result "0-1"]
[WhiteElo "2055"]
[BlackElo "2681"]
[PlyCount "40"]
[EventDate "2017.12.17"]
[EventType "swiss (blitz)"]
[EventRounds "11"]
[EventCountry "NOR"]
[SourceTitle "EXT 2024"]
[Source "ChessBase"]
[SourceDate "2023.10.10"]
[SourceVersion "1"]
[SourceVersionDate "2023.10.10"]
[SourceQuality "1"]

1. d4 d5 2. Nc3 Nf6 3. Bg5 Nbd7 4. f3 c5 5. dxc5 e6 6. e4 Bxc5 7. exd5 Qb6 8. Nh3 Qxb2 9. Bd2 Nxd5 10. Nxd5 exd5 11. Bd3 Ne5 12. Be2 Bxh3 13. gxh3 Qd4 14. Bb5+ Kf8 15. Rf1 Qh4+ 16. Ke2 Nc6 17. Bxc6 Qc4+ 18. Ke1 bxc6 19. Rf2 Qh4 20. Qe2 Re8 0-1

[Event "Politiken Cup 37th"]
[Site "Helsingor"]
[Date "2015.08.01"]
[Round "9"]
[White "Skjoldager, Mikael"]
[Black "Haugland, Rasmus L"]
[Result "1-0"]
[WhiteElo "2056"]
[BlackElo "1884"]
[PlyCount "53"]
[EventDate "2015.07.25"]
[EventType "swiss"]
[EventRounds "10"]
[EventCountry "DEN"]
[SourceTitle "CBM 167 Extra"]
[Source "ChessBase"]
[SourceDate "2015.09.14"]
[SourceVersion "1"]
[SourceVersionDate "2015.09.14"]
[SourceQuality "1"]

1. e4 c6 2. d4 d5 3. Nc3 dxe4 4. Nxe4 Nd7 5. Ng5 Ngf6 6. Bd3 e6 7. N1f3 h6 8. Nxe6 fxe6 9. Bg6+ Ke7 10. 0-0 Qc7 11. Re1 Kd8 12. c4 Be7 13. g3 Nf8 14. Bf4 Bd6 15. Bxd6 Qxd6 16. Ne5 Kc7 17. Nf7 Qb4 18. Nxh8 Qxc4 19. Bc2 Bd7 20. Nf7 Qb5 21. Qd2 N8h7 22. Qf4+ Kb6 23. a4 Qc4 24. a5+ Ka6 25. Qd2 b5 26. axb6+ Kb7 27. Nd6+ 1-0

[Event "Politiken Cup 37th"]
[Site "Helsingor"]
[Date "2015.07.26"]
[Round "3"]
[White "Andersen, Torben Bodskov"]
[Black "Haugland, Rasmus L"]
[Result "1-0"]
[WhiteElo "2106"]
[BlackElo "1884"]
[PlyCount "131"]
[EventDate "2015.07.25"]
[EventType "swiss"]
[EventRounds "10"]
[EventCountry "DEN"]
[SourceTitle "CBM 167 Extra"]
[Source "ChessBase"]
[SourceDate "2015.09.14"]
[SourceVersion "1"]
[SourceVersionDate "2015.09.14"]
[SourceQuality "1"]

1. e4 c6 2. d4 d5 3. Nd2 dxe4 4. Nxe4 Nd7 5. Nf3 Ngf6 6. Nxf6+ Nxf6 7. Bc4 e6 8. 0-0 Be7 9. Bg5 0-0 10. Qe2 b6 11. Rfe1 Nd5 12. Bxe7 Qxe7 13. Bxd5 cxd5 14. c3 a5 15. Ne5 Ba6 16. Qg4 Rac8 17. Re3 f6 18. Nf3 Rc6 19. Rae1 Bc8 20. Qg3 b5 21. a3 b4 22. axb4 axb4 23. Nd2 Qa7 24. Nb3 Qa2 25. cxb4 Qxb2 26. f4 Rf7 27. f5 e5 28. dxe5 fxe5 29. Qxe5 Qxe5 30. Rxe5 Rxf5 31. Rxf5 Bxf5 32. Nd4 Rf6 33. Rf1 Bc8 34. Rxf6 gxf6 35. Kf2 Kf7 36. Ke3 Ke7 37. Ne2 Kd6 38. Kd4 Bb7 39. Nf4 Bc6 40. g3 Bb7 41. b5 f5 42. Nd3 Bc8 43. h4 Bd7 44. b6 Bc8 45. Nc5 Kc6 46. b7 Bxb7 47. Nxb7 Kxb7 48. Kxd5 Kc7 49. Ke6 Kd8 50. Kf7 Kd7 51. Kg7 Ke7 52. Kxh7 Kf7 53. Kh6 Kf6 54. h5 f4 55. gxf4 Kf7 56. Kg5 Kg7 57. Kf5 Kf7 58. h6 Kg8 59. Kg6 Kh8 60. Kf7 Kh7 61. f5 Kh8 62. Ke7 Kg8 63. f6 Kh8 64. f7 Kh7 65. Kf6 Kxh6 66. f8Q+ 1-0

[Event "NOR-ch Class1"]
[Site "Oslo"]
[Date "2015.07.07"]
[Round "5"]
[White "Gyldenas, Ole Jorn"]
[Black "Haugland, Rasmus L"]
[Result "1-0"]
[WhiteElo "1918"]
[BlackElo "1816"]
[PlyCount "167"]
[EventDate "2015.07.04"]
[EventType "swiss"]
[EventRounds "9"]
[EventCountry "NOR"]
[SourceTitle "EXT 2017"]
[Source "ChessBase"]
[SourceDate "2016.10.25"]
[SourceVersion "1"]
[SourceVersionDate "2016.10.25"]
[SourceQuality "1"]

1. Nf3 Nf6 2. d4 d5 3. g3 e6 4. Bg2 c5 5. 0-0 Nc6 6. c4 Be7 7. cxd5 exd5 8. Nc3 0-0 9. Bg5 cxd4 10. Nxd4 Qb6 11. Nb3 Be6 12. Be3 Qc7 13. Nd4 Qe5 14. Qa4 Bd7 15. Nf3 Qh5 16. Qb3 Na5 17. Qc2 Bf5 18. Qa4 Nc4 19. Bd4 Be6 20. Qb3 Ng4 21. h3 Nh6 22. Rfd1 Nd6 23. Rac1 Ne4 24. g4 Qg6 25. Nxd5 Bd6 26. Be5 Kh8 27. Nf4 Bxb3 28. Nxg6+ hxg6 29. axb3 Bxe5 30. Nxe5 Rfe8 31. f4 f6 32. Bxe4 fxe5 33. Bxg6 Re6 34. f5 Rb6 35. Rc3 Ng8 36. Rd7 Nf6 37. Rdc7 Rd8 38. Rd3 Rf8 39. Rdc3 Rd8 40. Rc8 Rbd6 41. Rxd8+ Rxd8 42. Rc7 Nd5 43. Rxb7 Nf4 44. Rxa7 Nxe2+ 45. Kf1 Nf4 46. Re7 Kg8 47. Re8+ Rxe8 48. Bxe8 Nxh3 49. b4 Kf8 50. Bc6 Ke7 51. Ke2 Kd6 52. Ba8 Ng5 53. Kd3 Nh3 54. Ke3 Ng5 55. Bg2 Nh7 56. Kf2 Nf6 57. Kg3 Nd7 58. Kh4 Ke7 59. g5 Nb6 60. b3 Nc8 61. Bd5 Nb6 62. Bc4 Nd7 63. Kg4 Kd6 64. Kf3 Ke7 65. Ke4 Kd6 66. b5 Nc5+ 67. Ke3 Nd7 68. b4 Ke7 69. Ke4 Kd6 70. Bb3 Nb6 71. Be6 Na4 72. Bc4 Nb6 73. Bb3 Nd7 74. Ba2 Nb6 75. f6 gxf6 76. gxf6 Nd7 77. f7 Nf8 78. b6 Kc6 79. b7 Kxb7 80. Kxe5 Kb6 81. Kf6 Kb5 82. Ke7 Ng6+ 83. Ke8 Kxb4 84. Bb1 1-0

[Event "Drammen CC-ch"]
[Site "Drammen"]
[Date "2014.03.25"]
[Round "7"]
[White "Haugland, Rasmus L"]
[Black "Bonsaksen, Tore"]
[Result "1-0"]
[WhiteElo "1706"]
[BlackElo "1509"]
[PlyCount "26"]
[EventDate "2014.01.14"]
[EventType "swiss"]
[EventRounds "9"]
[EventCountry "NOR"]
[SourceTitle "EXT 2024"]
[Source "ChessBase"]
[SourceDate "2023.10.10"]
[SourceVersion "1"]
[SourceVersionDate "2023.10.10"]
[SourceQuality "1"]

1. d4 Nf6 2. Nc3 e6 3. e4 d5 4. Bg5 Be7 5. e5 Nfd7 6. h4 a6 7. Qg4 0-0 8. Bh6 g6 9. h5 c5 10. hxg6 hxg6 11. Bd3 cxd4 12. Bxg6 fxg6 13. Qxg6+ Kh8 1-0

[Event "Drammen CC-ch"]
[Site "Drammen"]
[Date "2014.03.04"]
[Round "5"]
[White "Hanssen, John Christian"]
[Black "Haugland, Rasmus L"]
[Result "0-1"]
[WhiteElo "1345"]
[BlackElo "1706"]
[PlyCount "92"]
[EventDate "2014.01.14"]
[EventType "swiss"]
[EventRounds "9"]
[EventCountry "NOR"]
[SourceTitle "EXT 2024"]
[Source "ChessBase"]
[SourceDate "2023.10.10"]
[SourceVersion "1"]
[SourceVersionDate "2023.10.10"]
[SourceQuality "1"]

1. d4 Nf6 2. c4 e6 3. Nc3 Bb4 4. a3 Bxc3+ 5. bxc3 0-0 6. Bg5 c5 7. Qc2 cxd4 8. cxd4 h6 9. Bxf6 Qxf6 10. Nf3 Nc6 11. e3 b6 12. Bd3 Bb7 13. 0-0 Rac8 14. Rac1 d5 15. Qe2 dxc4 16. Bxc4 Rc7 17. Ba6 Bxa6 18. Qxa6 Rfc8 19. Qa4 Nxd4 20. Rxc7 Nxf3+ 21. gxf3 Rxc7 22. Qe4 Rc5 23. f4 Qh4 24. Qa8+ Kh7 25. Qe4+ g6 26. Qb7 Kg7 27. Qf3 Rh5 28. Qg3 Qxg3+ 29. hxg3 Ra5 30. Ra1 Kf6 31. Kg2 b5 32. Kf3 Ra4 33. Rb1 a6 34. Rb3 Ke7 35. Ke2 Kd6 36. Kd3 Kc5 37. Rc3+ Rc4 38. Rxc4+ bxc4+ 39. Kc3 f6 40. f3 h5 41. e4 e5 42. fxe5 fxe5 43. f4 h4 44. gxh4 exf4 45. e5 f3 46. Kd2 c3+ 0-1

[Event "Drammen CC-ch Class1"]
[Site "Drammen"]
[Date "2012.01.24"]
[Round "2"]
[White "Hamre, Einar"]
[Black "Haugland, Rasmus L"]
[Result "1-0"]
[WhiteElo "1699"]
[BlackElo "1447"]
[PlyCount "47"]
[EventDate "2012.01.17"]
[EventType "swiss"]
[EventRounds "9"]
[EventCountry "NOR"]
[SourceTitle "EXT 2024"]
[Source "ChessBase"]
[SourceDate "2023.10.10"]
[SourceVersion "1"]
[SourceVersionDate "2023.10.10"]
[SourceQuality "1"]

1. e4 c5 2. Nf3 Nc6 3. d4 cxd4 4. Nxd4 g6 5. Nc3 Nf6 6. Nxc6 bxc6 7. e5 Ng8 8. Bc4 Bg7 9. Qe2 Qa5 10. f4 d5 11. Bb3 d4 12. Qc4 dxc3 13. Qxf7+ Kd8 14. 0-0 Qc5+ 15. Kh1 Bh6 16. bxc3 Bg4 17. a4 Kc7 18. Ba3 Qxc3 19. Bxe7 Nxe7 20. Qxe7+ Kb6 21. Rab1 Bh5 22. Bc4+ Ka5 23. Qc5+ Kxa4 24. Ra1+ 1-0

[Event "NOR-ch U12"]
[Site "Oslo"]
[Date "2011.11.??"]
[Round "5"]
[White "Saltvedt, Martin"]
[Black "Haugland, Rasmus L"]
[Result "1/2-1/2"]
[WhiteElo "1237"]
[BlackElo "1343"]
[PlyCount "28"]
[EventDate "2011.11.25"]
[EventType "swiss"]
[EventRounds "7"]
[EventCountry "NOR"]
[SourceTitle "EXT 2024"]
[Source "ChessBase"]
[SourceDate "2023.10.10"]
[SourceVersion "1"]
[SourceVersionDate "2023.10.10"]
[SourceQuality "1"]

1. d4 d5 2. Nc3 e6 3. a3 c5 4. f3 Nc6 5. e3 cxd4 6. exd4 Qh4+ 7. g3 Qxd4 8. Qxd4 Nxd4 9. Bb5+ Bd7 10. Bxd7+ Kxd7 11. Kd1 Bc5 12. b4 Bb6 13. Bb2 a5 14. Nce2 Nxe2 1/2-1/2

[Event "NOR-chT Clubs"]
[Site "Drammen"]
[Date "2010.10.10"]
[Round "6"]
[White "Gunnufsen, Morten"]
[Black "Haugland, Rasmus L"]
[Result "1-0"]
[WhiteElo "1336"]
[BlackElo "1094"]
[PlyCount "67"]
[EventDate "2010.10.08"]
[EventType "team"]
[EventRounds "6"]
[EventCountry "NOR"]
[SourceTitle "EXT 2015"]
[Source "ChessBase"]
[SourceDate "2014.11.20"]
[SourceVersion "1"]
[SourceVersionDate "2014.11.20"]
[SourceQuality "1"]
[WhiteTeam "SMPOAA"]
[BlackTeam "Modum"]
[WhiteTeamCountry "NOR"]
[BlackTeamCountry "NOR"]

1. e4 c5 2. c3 e5 3. Bc4 Nf6 4. d3 Nc6 5. f4 d6 6. Nf3 Bg4 7. h3 Bxf3 8. Qxf3 a6 9. 0-0 Be7 10. f5 b5 11. Bb3 a5 12. Bd1 d5 13. exd5 Qxd5 14. Qxd5 Nxd5 15. Bf3 Rd8 16. a3 a4 17. c4 bxc4 18. dxc4 Nd4 19. Bxd5 0-0 20. Nc3 Bh4 21. Bd2 Rd6 22. Be1 Nc2 23. Bxh4 Nxa1 24. Rxa1 Ra6 25. Ne4 Rh6 26. Be7 Rb8 27. Nd6 Rxb2 28. Nxf7 Rhb6 29. Nxe5+ Kh8 30. Bxc5 R6b3 31. Re1 h6 32. Ng6+ Kh7 33. Re8 Rb1+ 34. Kh2 1-0